01110nam a22002057a 4500003000400000005001700004008004100021040002200062082002000084100002000104245007500124260004100199300003200240520040300272546001300675700001900688942003400707952014600741999001700887OSt20260508080117.0260508b |||||||| |||| 00| 0 eng d aDWCL GS lib cOC  aFic. K26t 1979  aKeene, Carolyn  anancy drew mystery stories 56: bthe thirteenth pearl cCarolyn Keene  aNew York bGrosset & Dunlap cc1979  a179 billustrations c20cm  aIn The Thirteenth Pearl (1979), the 56th installment in the Nancy Drew Mystery Stories, Nancy investigates the theft of a valuable pearl necklace belonging to a socialite, which leads her to a dangerous, shadowy group. The mystery takes Nancy and her father, Carson, to Japan, where she uncovers a smuggling ring operated by employees of World Wide Gems, Inc. disguised as a pearl-worshipping cult. aEnglish  aCarolyn Keene  2ddccFIC.hFic. K26t 1979 n0 00102ddc4070aDWCLGSbDWCLGScGS-Libraryd2026-05-08eSchool Fund, Donationl0oFic. K26t 1979 p20264r2026-05-08w2026-05-08yFIC.0@u c10327d10327